Datum a čas kvízu
36
Celkem bodů
Celkový počet nahraných bodů na tomto kvízu bez doplňovacích otázek.
12.
Pořadí na kvízu
Konečné umístění týmu na tomto kvízu.
Zaznamenané odpovědi
| # | Otázka | Odpověď | Body | Výsledky |
|---|---|---|---|---|
| 1. | Která česká politička se stala... | Markéta Pekarová-Adamová | 0 | |
| 2. | Ve středu se do vesmíru po něk... | Atlas | 0 | |
| 3. | Ve čtvrtek měl v českých kinec... | Mizerové: Na život a na smrt | 0.5 | |
| 4. | Minulý týden byl v Praze k vid... | Tesla Cybertuck | 1 | |
| 5. | Jaroslav Svejkovský se stal po... | Vancouver Canucks | 1 | |
| 6. | Dostanete vždy pět indicií, kt... | Anna Kareninová/Karenina | 1 | |
| 7. | Irsko – Homér – Bloom – jeden... | Odysseus | 0 | |
| 8. | Irving – cider – gynekolog – T... | Pravidla moštárny | 1 | |
| 9. | 3 sirotci – nevyléčitelná nemo... | Román pro muže | 0 | |
| 10. | Karviná – kronika – sv. Petr... | Šikmý kostel | 1 |